| 000 | 00761nam a2200205Ia 4500 | ||
|---|---|---|---|
| 003 | GCL | ||
| 008 | 140319s9999 xx 000 0 ara d | ||
| 040 |
_aGCL / _cGCL |
||
| 082 | 0 | 4 |
_a324.532 _bا ن |
| 100 | 1 | _aاحمد شرف الدين | |
| 245 | 1 | 0 |
_aالنظم الانتخابية ومستقبل الدمقراطية فى الجمهوريات اليمنية (بحوث ومناقشات الندوة المنعقدة فى صنعاء 17,16 فبراير 1993م / _cاحمد شرف الدين |
| 700 | 1 | _aاحمد الكبسى | |
| 700 | 1 | _aالهام مانع | |
| 260 |
_a[S.N] : _bدائرة الاعلام ، _c1993 |
||
| 490 | _a | ||
| 650 | 0 | 4 | _aاليمن |
| 650 | 0 | 4 | _aالانتخابات |
| 650 | 0 | 4 | _aالديمقراطية |
| 942 |
_2ddc _cBK |
||
| 999 |
_c32984 _d32984 |
||